St. Paul's epistles to the Colossians and to Philemon. (Record no. 458)

000 -LEADER
fixed length control field 00735nam a2200205 a 4500
001 - CONTROL NUMBER
control field :::00013612$&:&@@
003 - CONTROL NUMBER IDENTIFIER
control field OkBaRHE
005 - DATE AND TIME OF LATEST TRANSACTION
control field 20100324122233.0
008 - FIXED-LENGTH DATA ELEMENTS--GENERAL INFORMATION
fixed length control field s1982 j 000 0 eng u
040 ## - CATALOGING SOURCE
Transcribing agency
100 1# - MAIN ENTRY--PERSONAL NAME
Personal name Lightfoot, J. B. (Joseph Barber), 1828-1889
245 10 - TITLE STATEMENT
Title St. Paul's epistles to the Colossians and to Philemon.
260 ## - PUBLICATION, DISTRIBUTION, ETC. (IMPRINT)
Place of publication, distribution, etc Lynn, MA., :
Name of publisher, distributor, etc Hendrickson Publishers, Inc.
Date of publication, distribution, etc 1982
300 ## - PHYSICAL DESCRIPTION
Extent 430 p. ;
Dimensions 23 cm.
650 ## - SUBJECT ADDED ENTRY--TOPICAL TERM
Topical term or geographic name as entry element Bible New Testament Colossians
General subdivision Commentaries
650 ## - SUBJECT ADDED ENTRY--TOPICAL TERM
Topical term or geographic name as entry element Bible New Testament Colossians
General subdivision Greek
650 ## - SUBJECT ADDED ENTRY--TOPICAL TERM
Topical term or geographic name as entry element Bible New Testament Philemon
General subdivision Commentaries
942 ## - ADDED ENTRY ELEMENTS (KOHA)
Source of classification or shelving scheme
Koha item type Books
Copies
Permanent Location Source of classification or shelving scheme Date acquired Withdrawn status Copy number Shelving location Collection code Lost status Full call number Price effective from Damaged status Koha item type Date last seen Not for loan Barcode
RHEMA Bible Training College 2010-04-14 1General StacksReference BS 2715 .L52010-04-14 Books2018-04-03 13612